[Event "Rosario 3rd"]
[Site "Rosario"]
[Date "2017.12.27"]
[Round "3"]
[White "Lorenzini, Martin"]
[Black "Contin, Daniel"]
[Result "0-1"]
[WhiteElo "2445"]
[BlackElo "2278"]
[PlyCount "154"]
[EventDate "2017.12.26"]
[EventType "tourn"]
[EventRounds "9"]
[EventCountry "ARG"]
[EventCategory "2"]
[SourceTitle "CBM 182 Extra"]
[Source "ChessBase"]
[SourceDate "2018.02.23"]
[SourceVersion "1"]
[SourceVersionDate "2018.02.23"]
[SourceQuality "1"]

1. e4 e6 2. d4 d5 3. Nd2 c5 4. exd5 exd5 5. Bb5+ Bd7 6. Qe2+ Be7 7. dxc5 Nf6 8. Ngf3 0-0 9. 0-0 Bxc5 10. Nb3 Re8 11. Qd3 Qb6 12. Bxd7 Nbxd7 13. Nxc5 Nxc5 14. Qa3 Nce4 15. Be3 Qc7 16. c3 Ng4 17. Rfe1 Re6 18. h3 Nxe3 19. Rxe3 Nd6 20. Rxe6 fxe6 21. Re1 Ne4 22. Qa4 Qb6 23. Re2 h6 24. Nd4 Rf8 25. Qb5 Qxb5 26. Nxb5 Kf7 27. f3 Ng3 28. Re1 Rd8 29. Kf2 Nf5 30. g4 Ne7 31. Nd4 Rd6 32. h4 Nc6 33. Ke3 e5 34. Nf5 Rd7 35. h5 Kf6 36. Rd1 Ne7 37. Ng3 Rc7 38. Ne2 Ke6 39. Rg1 b5 40. f4 d4+ 41. cxd4 Nd5+ 42. Ke4 exf4 43. Rc1 Re7 44. Nxf4+ Kd6+ 45. Kf5 Rf7+ 46. Kg6 Rxf4 47. Kxg7 Rxg4+ 48. Kxh6 a6 49. Rc2 Ne7 50. Rc5 Ke6 51. Rg5 Rxd4 52. Kg7 Rh4 53. b3 b4 54. Ra5 Nf5+ 55. Kg6 Rg4+ 56. Kh7 Rg7+ 57. Kh8 Ra7 58. a3 bxa3 59. b4 Nd6 60. Rxa3 Kf6 61. Rf3+ Nf5 62. Ra3 Ra8+ 63. Kh7 Ra7+ 64. Kh8 Nd6 65. Rf3+ Kg5 66. Rd3 Ne4 67. Kg8 Kxh5 68. Kf8 Nf6 69. Rb3 Kg6 70. Rg3+ Kf5 71. Rb3 Ke6 72. Re3+ Kd6 73. Ra3 Kc6 74. b5+ Kxb5 75. Rb3+ Kc5 76. Rb5+ Kd4 77. Rb4+ Ke5 0-1

[Event "Sarmiento Erbe Memorial 2nd"]
[Site "Sarmiento"]
[Date "2017.10.28"]
[Round "5"]
[White "Lorenzini, Martin"]
[Black "Gimenez Aguirre, Ismael Alejo"]
[Result "1-0"]
[WhiteElo "2441"]
[BlackElo "1997"]
[PlyCount "55"]
[EventDate "2017.10.27"]
[EventType "swiss"]
[EventRounds "7"]
[EventCountry "ARG"]
[SourceTitle "EXT 2019"]
[Source "ChessBase"]
[SourceDate "2018.10.10"]
[SourceVersion "1"]
[SourceVersionDate "2018.10.10"]
[SourceQuality "1"]

1. e4 c5 2. Nf3 g6 3. c3 Nf6 4. e5 Nd5 5. Bc4 Nb6 6. Bb3 c4 7. Bc2 Bg7 8. 0-0 Nc6 9. Qe2 Qc7 10. Re1 0-0 11. Na3 f6 12. Nxc4 fxe5 13. Ncxe5 d6 14. Bb3+ e6 15. Nxc6 bxc6 16. Bxe6+ Kh8 17. Bxc8 Qxc8 18. d4 Qg4 19. Qe6 Qh5 20. Qxd6 Rf6 21. Qg3 Raf8 22. Qg5 Qxg5 23. Bxg5 Rf5 24. Be7 Rc8 25. Re2 Na4 26. Rae1 Rb5 27. Bb4 Bf6 28. b3 1-0

[Event "Sarmiento Erbe Memorial 2nd"]
[Site "Sarmiento"]
[Date "2017.10.27"]
[Round "2"]
[White "Richard, Patrick Jorge"]
[Black "Lorenzini, Martin"]
[Result "0-1"]
[WhiteElo "1941"]
[BlackElo "2441"]
[PlyCount "40"]
[EventDate "2017.10.27"]
[EventType "swiss"]
[EventRounds "7"]
[EventCountry "ARG"]
[SourceTitle "EXT 2019"]
[Source "ChessBase"]
[SourceDate "2018.10.10"]
[SourceVersion "1"]
[SourceVersionDate "2018.10.10"]
[SourceQuality "1"]

1. c4 c6 2. g3 d5 3. Nf3 Nf6 4. Bg2 dxc4 5. Na3 Qd5 6. Nh4 Qc5 7. Qc2 Be6 8. b3 Qe5 9. Bb2 cxb3 10. axb3 Qh5 11. Nc4 Nbd7 12. Ra5 g5 13. f4 Rg8 14. Ne3 Nd5 15. Nxd5 Bxd5 16. Bxd5 gxh4 17. Bxc6 Qxa5 18. Bxd7+ Kxd7 19. Qxh7 Qd5 20. e4 Qd3 0-1